| 000 | 01128nam a22003137a 4500 | ||
|---|---|---|---|
| 003 | EG-ScBUE | ||
| 005 | 20230601102844.0 | ||
| 008 | 100324q2008 nyua f 000 0 eng d | ||
| 020 | _a9788496540798 | ||
| 040 |
_aEG-ScBUE _beng _erda _cEG-ScBUE _dEG-ScBUE |
||
| 082 | 0 | 4 |
_222 _a720 _bCON |
| 245 | 1 | 0 |
_aFrom control to design : _bparametric / algorithmic architecture / _c[edited by] Tomoko Sakamoto, Albert Ferré. |
| 264 | 1 |
_aNew York : _bActar-D, _c[2008?] |
|
| 300 |
_a239 pages : _billustrations (chiefly color) ; _c25 cm |
||
| 336 |
_2rdacontent _atext _btxt |
||
| 337 |
_2rdamedia _aunmediated _bn |
||
| 338 |
_2rdacarrier _avolume _bnc |
||
| 500 | _aTitle from cover. | ||
| 500 | _aStatement of responsibilty from colophon. | ||
| 650 | 7 |
_913003 _aArchitecture, Modern _y21st century. _2BUEsh |
|
| 650 | 7 |
_913057 _aArchitectural design _xTechnological innovations. _2BUEsh |
|
| 650 | 7 |
_913058 _aComputer-aided design _2BUEsh |
|
| 651 | _2BUEsh | ||
| 653 | _bENGARC | ||
| 655 |
_vReading book _934232 |
||
| 700 | 1 |
_913055 _aSakamoto, Tomoko, _eeditor. |
|
| 700 | 1 |
_913056 _aFerre, Albert, _eeditor. |
|
| 942 |
_2ddc _cBB |
||
| 999 |
_c13764 _d13764 |
||